| 000 | 00694nam a2200181Ia 4500 | ||
|---|---|---|---|
| 008 | 100921s9999 xx 000 0 und d | ||
| 082 |
_b14141 _a891.2 ढ 52 |
||
| 100 | _aमाहेश्वर शंकरलाल. | ||
| 245 | _aविपम्नित्र पत्रम्र. | ||
| 260 |
_bनिर्णयसागर छापखाना,मुंबई. _c1852 |
||
| 300 |
_a116 _b--- |
||
| 365 | _b0.5 | ||
| 520 | _aललित-स्ंास्कृत. | ||
| 630 | _aविपम्नित्र पत्रम्र. | ||
| 650 | _aललित-स्ंास्कृत. | ||
| 730 | _aविपम्नित्र पत्रम्र. | ||
| 942 | _cBOOK | ||
| 999 |
_c763254 _d763251 |
||